<?xml version="1.0" encoding="UTF-8"?><?xml-stylesheet type="text/xsl" href="static/style.xsl"?><OAI-PMH xmlns="http://www.openarchives.org/OAI/2.0/" xmlns:xsi="http://www.w3.org/2001/XMLSchema-instance" xsi:schemaLocation="http://www.openarchives.org/OAI/2.0/ http://www.openarchives.org/OAI/2.0/OAI-PMH.xsd"><responseDate>2026-05-14T06:40:33Z</responseDate><request verb="GetRecord" identifier="oai:riubu.ubu.es:10259/7799" metadataPrefix="marc">https://riubu.ubu.es/oai/request</request><GetRecord><record><header><identifier>oai:riubu.ubu.es:10259/7799</identifier><datestamp>2026-01-21T08:21:34Z</datestamp><setSpec>com_10259_2699</setSpec><setSpec>col_10259_2725</setSpec></header><metadata><record xmlns="http://www.loc.gov/MARC21/slim" xmlns:doc="http://www.lyncode.com/xoai" xmlns:xsi="http://www.w3.org/2001/XMLSchema-instance" xmlns:dcterms="http://purl.org/dc/terms/" xsi:schemaLocation="http://www.loc.gov/MARC21/slim http://www.loc.gov/standards/marcxml/schema/MARC21slim.xsd">
<leader>00925njm 22002777a 4500</leader>
<datafield tag="042" ind1=" " ind2=" ">
<subfield code="a">dc</subfield>
</datafield>
<datafield tag="720" ind1=" " ind2=" ">
<subfield code="a">García Rodríguez, Ana</subfield>
<subfield code="e">author</subfield>
</datafield>
<datafield tag="260" ind1=" " ind2=" ">
<subfield code="c">2022</subfield>
</datafield>
<datafield tag="520" ind1=" " ind2=" ">
<subfield code="a">La radiación fotosintéticamente activa (𝑃𝐴𝑅) es la componente de la&#xd;
radiación solar que ejerce una mayor influencia en la fotosíntesis y el&#xd;
crecimiento vegetal. La vegetación actua como sumidero de CO2,&#xd;
mitigando los efectos del cambio climático, por lo que conocer la&#xd;
influencia de la 𝑃𝐴𝑅 en el crecimiento vegetal es primordial. La&#xd;
modelización matemática de la 𝑃𝐴𝑅 permite estimar su valor a partir de&#xd;
otras variables, sin necesidad de disponer de instrumentos de medida&#xd;
específicos, ya que no es habitual encontrar, en las estaciones&#xd;
radiométricas, sensores que midan esta componente de la radiación&#xd;
solar.&#xd;
En este trabajo, se ha modelado matemáticamente la 𝑃𝐴𝑅 en Burgos,&#xd;
España. Para ello, se ha analizado estadísticamente la 𝑃𝐴𝑅 en la&#xd;
localidad, analizando la ratio de esta componente con la irradiancia&#xd;
global horizontal. Se ha realizado una exhaustiva revisión de los&#xd;
modelos existentes y se han calibrado y validado 21 de ellos con datos&#xd;
experimentales procedentes de siete estaciones radiométricas&#xd;
estadounidenses, pertenecientes a la red SURFRAD. La mayor parte&#xd;
de los estudios publicados por otros autores, se centran en resultados&#xd;
para cielos claros, limitando su aplicación al ámbito local y esas&#xd;
condiciones de cielo.&#xd;
Mediante procedimientos de machine learning, aplicados a los datos&#xd;
experimentales obtenidos en Burgos, se ha realizado una selección de&#xd;
variables para modelar la 𝑃𝐴𝑅 mediante regresiones multilineales y&#xd;
redes neuronales. Estos estudios han permitido obtener modelos&#xd;
matemáticos, diferentes para cada tipo de cielo (cubiertos, parciales y&#xd;
claros) clasificados según la norma ISO/CIE y alternativamente,&#xd;
utilizando como parámetro de clasificación el índice de claridad (𝑘𝑡). El&#xd;
comportamiento de estos últimos modelos, calibrados localmente para Burgos, ha sido evaluado frente a las medidas de siete estaciones&#xd;
radiométricas de la red SURFRAD, con diferente climatología,&#xd;
obteniendo muy buenos resultados y permitiendo afirmar que estos&#xd;
modelos pueden utilizarse en cualquier localización,&#xd;
independientemente del clima.</subfield>
</datafield>
<datafield tag="520" ind1=" " ind2=" ">
<subfield code="a">Photosynthetically active radiation (𝑃𝐴𝑅) is the component of solar&#xd;
radiation that most influences photosynthesis and plant growth.&#xd;
Vegetation acts as a CO2 sink, mitigating the effects of climate change.&#xd;
Therefore, knowledge of the influence of 𝑃𝐴𝑅 on plant growth is of&#xd;
essential importance. Mathematical modelling makes allows estimating&#xd;
𝑃𝐴𝑅 from different meteorological indices, without the need for specific&#xd;
measuring instruments, since it is not usual to find sensors measuring&#xd;
𝑃𝐴𝑅 at radiometric stations.&#xd;
In this thesis, 𝑃𝐴𝑅 has been mathematically modelled in Burgos (Spain).&#xd;
For this purpose, a statistical study has been performed at this location,&#xd;
analysing the ratio of 𝑃𝐴𝑅 with the global horizontal irradiance. An&#xd;
exhaustive review of the existing models has been carried out. Thus, 21&#xd;
of them have been calibrated and validated with experimental data from&#xd;
the 7 radiometric stations belonging to the SURFRAD network (USA).&#xd;
Most of the studies published by other authors focus on results for clear&#xd;
skies, limiting their application to the local area and to those sky&#xd;
conditions.&#xd;
Using machine learning procedures, applied to the experimental data&#xd;
obtained in Burgos, a selection of variables has been made to model the&#xd;
𝑃𝐴𝑅 by means of multilinear regressions and neural networks. These&#xd;
studies have made it possible to obtain different mathematical models&#xd;
for each sky type (overcast, partial and clear) classified according to the ISO/CIE standard and, alternatively, using the clearness index (𝑘𝑡&#xd;
) as a&#xd;
classification parameter. The performance of the latter models, locally&#xd;
fitted for Burgos, has been evaluated against the SURFRAD network&#xd;
measurements obtaining very good results. Therefore, it can be stated&#xd;
that these models may be used at any location, regardless of the climate.</subfield>
</datafield>
<datafield tag="024" ind2=" " ind1="8">
<subfield code="a">http://hdl.handle.net/10259/7799</subfield>
</datafield>
<datafield tag="024" ind2=" " ind1="8">
<subfield code="a">10.36443/10259/7799</subfield>
</datafield>
<datafield ind1=" " ind2=" " tag="653">
<subfield code="a">Radiación solar</subfield>
</datafield>
<datafield ind1=" " ind2=" " tag="653">
<subfield code="a">PAR</subfield>
</datafield>
<datafield ind1=" " ind2=" " tag="653">
<subfield code="a">Modelización matemática</subfield>
</datafield>
<datafield ind1=" " ind2=" " tag="653">
<subfield code="a">Regresiones multilineales</subfield>
</datafield>
<datafield ind1=" " ind2=" " tag="653">
<subfield code="a">Redes neuronales artificiales</subfield>
</datafield>
<datafield ind1=" " ind2=" " tag="653">
<subfield code="a">Solar radiation</subfield>
</datafield>
<datafield ind1=" " ind2=" " tag="653">
<subfield code="a">Mathematical modelling</subfield>
</datafield>
<datafield ind1=" " ind2=" " tag="653">
<subfield code="a">Multilinear regressions</subfield>
</datafield>
<datafield ind1=" " ind2=" " tag="653">
<subfield code="a">Artificial neural networks</subfield>
</datafield>
<datafield tag="245" ind1="0" ind2="0">
<subfield code="a">Modelización matemática de la radiación solar fotosintéticamente activa</subfield>
</datafield>
</record></metadata></record></GetRecord></OAI-PMH>